[Event "91st GER-ch 2020"]
[Site "Magdeburg"]
[Date "2020.08.20"]
[Round "7.7"]
[White "Stern, Rene"]
[Black "Miller, Eduard"]
[Result "1-0"]
[WhiteElo "2526"]
[BlackElo "2392"]
[Annotator "TA"]
[PlyCount "79"]
[EventDate "2020.08.16"]
[EventType "swiss"]
[EventCountry "GER"]
[SourceTitle "playchess.com"]
[Source "ChessBase"]
[SourceQuality "1"]

{[%evp 9,79,24,36,31,19,11,11,14,29,33,61,44,45,44,65,40,40,40,46,43,68,31,18,0,0,0,20,0,0,0,20,15,32,28,21,20,39,31,97,99,99,103,124,69,68,67,62,68,68,58,58,50,72,71,78,77,93,72,77,76,97,62,370,336,348,343,342,326,421,406,1452,1264]} 1. Nf3 f5 2. d3 Nc6 3. e4 e5 4. d4 fxe4 5. Nxe5 Nf6 6. Be2 {C40: Latvian and Elephant Gambits.} Qe7 {[#]} 7. Nxc6 $146 ({Predecessor:} 7. f4 exf3 8. Nxf3 d5 9. O-O Bg4 10. Bb5 O-O-O 11. Bxc6 bxc6 12. Qd3 Bxf3 13. Rxf3 Qe1+ 14. Rf1 Qe4 15. Qh3+ Qg4 16. Qxg4+ Nxg4 17. h3 Nf6 18. Bg5 Be7 {½-½ (18) Krykun,Y (2350)-Escalante Ramirez,B (2423) Saint Louis 2019}) 7... dxc6 8. c4 {The position is equal.} Bf5 9. Nc3 Qd7 10. Be3 Bd6 11. h3 h6 12. Qd2 a6 13. O-O-O O-O-O 14. Kb1 Qe7 15. Ka1 c5 16. Na4 Bd7 17. Nc3 Kb8 18. Nd5 Nxd5 19. cxd5 Bc8 20. Rc1 {[%cal Rd4c5]} cxd4 21. Qxd4 {[%csl Ge3][%cal Rd4a7] [#]} b6 22. Qa4 Be5 23. Rhd1 Rd6 (23... a5 $14) 24. Bxa6 $16 Bxa6 25. Qxa6 {And now Rc4 would win.} Rhd8 26. Qc4 (26. Rd2 $16 {Threatens to win with Rc4.} Qd7 27. Rdc2 Rxd5 28. Rc6) 26... Qf7 $14 27. Qxe4 Rxd5 28. Rxd5 Rxd5 29. Qc4 Qd7 30. a3 Rd1 31. Rxd1 Qxd1+ 32. Ka2 Qd6 33. h4 Qf6 34. Qb3 Qc6 35. g3 Qe4 $2 {[%mdl 8192] This move loses the game for Black.} (35... Bf6 $14) 36. Qe6 $18 g5 37. hxg5 hxg5 38. Bxg5 {[#] Hoping for Bf4!} Qe2 {[%csl Ge5][%cal Re2b2]} 39. Bc1 Qe1 (39... Qb5 $142 40. f4 Bd4) 40. Bf4 {Accuracy: White = 85%, Black = 70%.} 1-0

[Event "91st GER-ch 2020"]
[Site "Magdeburg"]
[Date "2020.08.20"]
[Round "7.8"]
[White "Dubiel, Jacek"]
[Black "Braun, Georg"]
[Result "1-0"]
[WhiteElo "2414"]
[BlackElo "2360"]
[Annotator "TA"]
[PlyCount "121"]
[EventDate "2020.08.16"]
[EventType "swiss"]
[EventCountry "GER"]
[SourceTitle "playchess.com"]
[Source "ChessBase"]
[SourceQuality "1"]

{[%evp 11,121,0,8,10,13,3,43,43,41,50,82,29,34,22,22,28,33,31,55,0,0,-8,-14,-13,0,0,-2,-21,0,-21,-20,-36,-20,-27,-28,-25,-10,-45,-33,-37,-24,-66,0,-26,-17,-14,74,73,101,101,87,78,87,25,90,95,89,73,185,82,128,55,58,61,153,153,143,137,149,150,157,152,195,183,130,140,233,233,329,199,215,196,465,482,461,379,643,564,568,527,773,718,774,719,1423,1518,1920,1884,2221,2199,2045,2005,29972,29973,29956,6007,29974,29975,5704,6613,29986,29987]} 1. e4 c6 2. d4 d5 3. e5 Bf5 4. h4 h5 5. c4 e6 6. Nc3 Ne7 7. Nge2 $1 {7.Nge2 scores better than 7.Bg5. B12: Caro-Kann: Advance Variation.} Nd7 8. Ng3 Bg4 9. f3 {[#] White is slightly better.} Bf5 $146 ({Predecessor:} 9... Nf5 10. Nge2 Be7 11. fxg4 hxg4 12. Qd3 dxc4 13. Qxc4 Bxh4+ 14. Kd1 Nxe5 15. Rxh4 Rxh4 {0-1 (38) Malmdin,N (2274)-Kragh,N (2112) Helsingor 2008}) 10. cxd5 exd5 11. Bg5 (11. Bd3 $16 Bxd3 12. Qxd3) 11... Be6 $1 $11 12. Qd2 f6 13. exf6 gxf6 14. Be3 Nb6 15. O-O-O (15. Bd3 $14) 15... Qd7 16. Kb1 O-O-O 17. Ka1 Kb8 18. Bd3 Nf5 19. Bf4+ Ka8 20. Nxf5 Bxf5 21. Rde1 Nc4 22. Qc2 Bxd3 23. Qxd3 Rg8 24. Re2 Bd6 25. Bxd6 Nxd6 26. Na4 {[%cal Bc3a4,Ba4c5,Bc5e6][%mdl 32]} Qf5 (26... b6 $15) 27. Qa3 Qf4 28. Nc5 $1 {[%cal Rc5e6] Threatens to win with Ne6.} Nb5 (28... Qg3 $11 {keeps the balance.}) 29. Ne6 $16 Qb8 30. Qd3 Rde8 31. Rhe1 a6 32. Qf5 ({White should play} 32. a4 $16 Nd6 33. Qh7) 32... Qg3 (32... Rxe6 33. Qxe6 f5 34. Qxg8 $3 $18 {[%mdl 512]}) (32... Qh2 $11 33. a4 (33. Qxh5 Ka7 $11) 33... Nxd4 34. Nxd4 Rxe2 35. Nxe2 Qxh4) 33. a4 $36 {[%mdl 2048] White is on the roll.} ({But not} 33. Qxh5 $6 Ka7 $11) 33... Nd6 34. Qxf6 {Black must now prevent Nc7+.} ({Much weaker is} 34. Qxh5 Rh8 $15) 34... Rg6 (34... Ka7 $16) 35. Qf4 (35. Qe5 $1 $18 Ka7 36. Qxh5) 35... Ka7 36. Qxg3 (36. Ka2 $16) 36... Rxg3 $14 37. Nf4 Rxe2 (37... Rf8 $14 38. Nxh5 Rgg8) 38. Rxe2 {[%mdl 4096] Endgame KRN-KRN} Nf5 39. Nxh5 Rg8 40. g4 Nxh4 {[#]} 41. Rf2 $1 Kb6 {[#]} 42. Nf6 $1 {[%cal Rf6g8]} Rg7 43. f4 Rf7 (43... Ka5 $16) 44. Nh5 $18 c5 (44... Kc7 $142 45. f5 Kd6) 45. Kb1 cxd4 46. Kc2 Ka5 $2 (46... Ng6 {might work better.} 47. g5 Kc5) 47. Kd3 Kxa4 48. f5 Kb3 $2 (48... Kb5 49. Kxd4 Kc6) 49. Kxd4 a5 50. Kxd5 b5 51. Ke6 Rh7 52. Nf6 Rh8 53. g5 a4 54. g6 b4 55. g7 Ra8 56. Nd7 Ra6+ 57. Kf7 Ra8 58. Nc5+ Ka2 59. Nxa4 Ra7+ 60. Kf6 Ra6+ 61. Kg5 {Accuracy: White = 75%, Black = 39%.} 1-0

[Event "91st GER-ch 2020"]
[Site "Magdeburg"]
[Date "2020.08.20"]
[Round "7.9"]
[White "Pfreundt, Jakob"]
[Black "Ehmann, Thilo"]
[Result "0-1"]
[WhiteElo "2397"]
[BlackElo "2329"]
[Annotator "ChessBase"]
[PlyCount "86"]
[EventDate "2020.08.16"]
[EventType "swiss"]
[EventCountry "GER"]
[SourceTitle "playchess.com"]
[Source "ChessBase"]
[SourceQuality "1"]
[TimeControl "40/5400+30:1800+30"]

1. c4 {[%emt 0:00:00]} c5 {[%emt 0:00:00]} 2. g3 {[%emt 0:00:15]} e5 {[%emt 0:01:20]} 3. Bg2 {[%emt 0:01:03]} g6 {[%emt 0:00:18]} 4. Nc3 {[%emt 0:01:34]} Bg7 {[%emt 0:00:13]} 5. d3 {[%emt 0:01:55]} d6 {[%emt 0:00:50]} 6. a3 {[%emt 0:14:35]} Nc6 {[%emt 0:01:55]} 7. Rb1 {[%emt 0:02:40]} a5 {[%emt 0:05:00]} 8. Qa4 {[%emt 0:20:08]} Ra6 {[%emt 0:02:29]} 9. Nd5 {[%emt 0:11:52]} Nge7 {[%emt 0:03:47]} 10. Bg5 {[%emt 0:01:13]} O-O {[%emt 0:01:05]} 11. Bxe7 {[%emt 0:00:32]} Nxe7 {[%emt 0:00:16]} 12. e3 {[%emt 0:04:12]} Bd7 {[%emt 0:06:52]} 13. Qd1 {[%emt 0:03:13]} Bc6 {[%emt 0:02:02]} 14. Nxe7+ {[%emt 0:03:58]} Qxe7 {[%emt 0:00:16]} 15. Nf3 {[%emt 0:01:17]} e4 {[%emt 0:03:06]} 16. Nd2 {[%emt 0:00:06]} f5 {[%emt 0:05:07]} 17. dxe4 {[%emt 0:01:00]} fxe4 {[%emt 0:00:30]} 18. Qg4 {[%emt 0:01:34]} Re8 {[%emt 0:00:22]} 19. h4 {[%emt 0:05:38]} Qe6 {[%emt 0:06:50]} 20. Qxe6+ {[%emt 0:01:40]} Rxe6 21. h5 {[%emt 0:03:00]} Bf6 {[%emt 0:03:06]} 22. hxg6 {[%emt 0:00:30]} hxg6 {[%emt 0:00:04]} 23. Kd1 {[%emt 0:03:36]} a4 {[%emt 0:03:09]} 24. Kc2 {[%emt 0:01:36]} d5 {[%emt 0:15:26]} 25. cxd5 {[%emt 0:02:58]} Bxd5 {[%emt 0:00:11]} 26. Rh6 {[%emt 0:00:03]} Bg5 {[%emt 0:15:01]} 27. Rh2 {[%emt 0:00:11]} Rab6 {[%emt 0:00:16]} 28. Rhh1 {[%emt 0:02:40]} Bf6 {[%emt 0:02:42]} 29. Rhd1 {[%emt 0:00:34]} c4 {[%emt 0:03:40]} 30. Nf1 {[%emt 0:01:54]} Rb5 {[%emt 0:01:11]} 31. Rxd5 {[%emt 0:05:08]} Rxd5 {[%emt 0:00:08]} 32. Nd2 {[%emt 0:00:05]} Rde5 {[%emt 0:00:55]} 33. Bf1 {[%emt 0:00:57]} Kg7 {[%emt 0:09:18]} 34. Rd1 {[%emt 0:00:51]} Rd5 {[%emt 0:05:21]} 35. Nxc4 {[%emt 0:00:52]} Rxd1 {[%emt 0:00:39]} 36. Kxd1 {[%emt 0:00:02]} Rc6 {[%emt 0:00:38]} 37. Na5 {[%emt 0:00:48]} Rc7 {[%emt 0:00:13]} 38. b4 {[%emt 0:00:40]} Rc3 {[%emt 0:00:51]} 39. Nxb7 {[%emt 0:00:12]} Rxa3 {[%emt 0:00:08]} 40. Bc4 {[%emt 0:00:09]} Rc3 {[%emt 0:01:12]} 41. Be6 {[%emt 0:30:51]} Be7 {[%emt 0:06:58]} 42. b5 {[%emt 0:00:00]} Bb4 {[%emt 0:00:40]} 43. g4 {[%emt 0:00:00]} Kf6 {[%emt 0:01:11]} 0-1

[Event "91st GER-ch 2020"]
[Site "Magdeburg"]
[Date "2020.08.20"]
[Round "7.10"]
[White "Andre, Gordon"]
[Black "Tschernatsch, Johannes"]
[Result "1-0"]
[WhiteElo "2373"]
[BlackElo "2241"]
[Annotator "ChessBase"]
[PlyCount "79"]
[EventDate "2020.08.16"]
[EventType "swiss"]
[EventCountry "GER"]
[SourceTitle "playchess.com"]
[Source "ChessBase"]
[SourceQuality "1"]
[TimeControl "40/5400+30:1800+30"]

1. d4 {[%emt 0:00:00]} Nf6 {[%emt 0:00:00]} 2. c4 {[%emt 0:00:00]} g6 {[%emt 0:00:00]} 3. Nc3 {[%emt 0:00:00]} d5 {[%emt 0:00:00]} 4. cxd5 {[%emt 0:01:39]} Nxd5 {[%emt 0:00:00]} 5. Bd2 {[%emt 0:00:22]} Bg7 {[%emt 0:00:19]} 6. e4 {[%emt 0:00:39]} Nxc3 {[%emt 0:00:14]} 7. Bxc3 {[%emt 0:00:04]} O-O {[%emt 0:00:57]} 8. Qd2 {[%emt 0:05:06]} Nd7 {[%emt 0:04:57]} 9. Nf3 {[%emt 0:06:22]} c5 {[%emt 0:07:19]} 10. d5 {[%emt 0:01:46]} Nf6 {[%emt 0:00:17]} 11. Bd3 {[%emt 0:06:57]} e6 {[%emt 0:11:23]} 12. Bxf6 {[%emt 0:02:25]} Qxf6 {[%emt 0:01:03]} 13. e5 {[%emt 0:00:12]} Qd8 {[%emt 0:00:06]} 14. d6 {[%emt 0:00:16]} f6 {[%emt 0:04:04]} 15. O-O {[%emt 0:09:38]} fxe5 {[%emt 0:02:22]} 16. Be4 {[%emt 0:00:59]} Rb8 {[%emt 0:06:22]} 17. Rad1 {[%emt 0:21:58]} Bd7 {[%emt 0:00:21]} 18. Rfe1 {[%emt 0:03:08]} Qf6 {[%emt 0:06:45]} 19. Qa5 {[%emt 0:07:57]} g5 {[%emt 0:03:37]} 20. Qxc5 {[%emt 0:07:21]} b6 {[%emt 0:03:45]} 21. Qc2 {[%emt 0:07:28]} Rbc8 {[%emt 0:01:27]} 22. Bxh7+ {[%emt 0:03:53]} Kh8 {[%emt 0:00:18]} 23. Qg6 {[%emt 0:02:39]} Bc6 {[%emt 0:08:05]} 24. Qxf6 {[%emt 0:02:03]} Bxf6 {[%emt 0:00:12]} 25. Be4 {[%emt 0:01:06]} Bxe4 {[%emt 0:01:28]} 26. Rxe4 {[%emt 0:00:03]} Rfd8 {[%emt 0:00:11]} 27. h4 {[%emt 0:04:44]} Rc5 {[%emt 0:09:17]} 28. Nxg5 {[%emt 0:01:22]} Bxg5 {[%emt 0:00:15]} 29. hxg5 {[%emt 0:00:04]} Kg7 {[%emt 0:00:36]} 30. b4 {[%emt 0:01:49]} Rc6 {[%emt 0:01:55]} 31. d7 {[%emt 0:00:41]} Kf7 {[%emt 0:01:01]} 32. Rxe5 {[%emt 0:01:05]} Ke7 {[%emt 0:03:19]} 33. g6 {[%emt 0:01:20]} Rxd7 {[%emt 0:01:06]} 34. Rxd7+ {[%emt 0:00:07]} Kxd7 {[%emt 0:00:05]} 35. g7 {[%emt 0:00:16]} Rc8 {[%emt 0:00:05]} 36. Rg5 {[%emt 0:00:06]} Rg8 {[%emt 0:00:06]} 37. f4 {[%emt 0:00:42]} Ke7 {[%emt 0:00:35]} 38. Kf2 {[%emt 0:00:11]} Kf6 {[%emt 0:00:08]} 39. Ke3 {[%emt 0:00:09]} e5 {[%emt 0:00:20]} 40. b5 {[%emt 0:00:42]} 1-0

[Event "91st GER-ch 2020"]
[Site "Magdeburg"]
[Date "2020.08.20"]
[Round "7.11"]
[White "Geue, Niklas"]
[Black "Trifan, Andrei Ioan"]
[Result "1-0"]
[WhiteElo "2050"]
[BlackElo "2249"]
[Annotator "ChessBase"]
[PlyCount "77"]
[EventDate "2020.08.16"]
[EventType "swiss"]
[EventCountry "GER"]
[SourceTitle "playchess.com"]
[Source "ChessBase"]
[SourceQuality "1"]
[TimeControl "40/5400+30:1800+30"]

1. e4 {[%emt 0:00:00]} e5 {[%emt 0:00:35]} 2. Nf3 {[%emt 0:01:35]} Nc6 {[%emt 0:01:43]} 3. Bb5 {[%emt 0:00:04]} a6 {[%emt 0:00:19]} 4. Ba4 {[%emt 0:00:04]} Nf6 {[%emt 0:00:12]} 5. O-O {[%emt 0:00:05]} Be7 {[%emt 0:00:28]} 6. Re1 {[%emt 0:01:21]} b5 {[%emt 0:01:46]} 7. Bb3 {[%emt 0:00:02]} O-O {[%emt 0:03:36]} 8. h3 {[%emt 0:00:02]} d6 {[%emt 0:01:37]} 9. c3 {[%emt 0:00:18]} Bb7 {[%emt 0:00:41]} 10. d4 {[%emt 0:02:41]} Re8 {[%emt 0:00:52]} 11. Ng5 {[%emt 0:06:21]} Rf8 {[%emt 0:00:11]} 12. Nf3 {[%emt 0:00:06]} h6 {[%emt 0:05:59]} 13. Nbd2 {[%emt 0:03:16]} Re8 {[%emt 0:00:18]} 14. Nf1 {[%emt 0:03:12]} Bf8 {[%emt 0:05:13]} 15. Ng3 {[%emt 0:00:34]} Na5 {[%emt 0:15:11]} 16. Bc2 {[%emt 0:00:37]} c5 {[%emt 0:01:51]} 17. d5 {[%emt 0:02:22]} Nc4 {[%emt 0:01:53]} 18. b3 {[%emt 0:04:41]} Nb6 {[%emt 0:00:28]} 19. Nh2 {[%emt 0:10:57]} Bc8 {[%emt 0:09:18]} 20. Be3 {[%emt 0:04:54]} Bd7 {[%emt 0:03:50]} 21. Rf1 {[%emt 0:05:52]} Nh7 {[%emt 0:09:42]} 22. Qd2 {[%emt 0:01:31]} Be7 {[%emt 0:02:01]} 23. Rae1 {[%emt 0:06:31]} Bh4 {[%emt 0:06:09]} 24. Nf3 {[%emt 0:02:10]} a5 {[%emt 0:04:41]} 25. Nxh4 {[%emt 0:01:25]} Qxh4 {[%emt 0:00:09]} 26. Bd3 {[%emt 0:04:16]} Ng5 {[%emt 0:06:08]} 27. Nf5 {[%emt 0:06:30]} Bxf5 {[%emt 0:04:20]} 28. exf5 {[%emt 0:00:23]} b4 {[%emt 0:01:13]} 29. c4 {[%emt 0:08:40]} Nd7 {[%emt 0:02:37]} 30. f4 {[%emt 0:03:53]} exf4 {[%emt 0:04:18]} 31. Bxf4 {[%emt 0:00:27]} Ne5 {[%emt 0:01:25]} 32. Bxe5 {[%emt 0:00:59]} Rxe5 {[%emt 0:00:34]} 33. Rxe5 {[%emt 0:00:23]} dxe5 {[%emt 0:00:27]} 34. Qf2 {[%emt 0:06:45]} Qxf2+ {[%emt 0:03:48]} 35. Kxf2 {[%emt 0:03:32]} a4 {[%emt 0:00:35]} 36. h4 {[%emt 0:03:25]} axb3 {[%emt 0:00:56]} 37. axb3 {[%emt 0:00:11]} Nh7 {[%emt 0:00:30]} 38. Re1 {[%emt 0:01:08]} f6 {[%emt 0:00:18]} 39. Be4 {[%emt 0:01:33]} 1-0

[Event "91st GER-ch 2020"]
[Site "Magdeburg"]
[Date "2020.08.20"]
[Round "7.12"]
[White "Nguyen, Alex Dac-Vuong"]
[Black "Voege, Tobias"]
[Result "1-0"]
[WhiteElo "2366"]
[BlackElo "2326"]
[Annotator "ChessBase"]
[PlyCount "43"]
[EventDate "2020.08.16"]
[EventType "swiss"]
[EventCountry "GER"]
[SourceTitle "playchess.com"]
[Source "ChessBase"]
[SourceQuality "1"]
[TimeControl "40/5400+30:1800+30"]

1. e4 {[%emt 0:00:00]} e6 {[%emt 0:00:00]} 2. d4 {[%emt 0:00:00]} d5 {[%emt 0:00:00]} 3. Nc3 {[%emt 0:00:22]} Nf6 {[%emt 0:00:09]} 4. e5 {[%emt 0:00:06]} Nfd7 {[%emt 0:00:05]} 5. f4 {[%emt 0:00:06]} c5 {[%emt 0:00:04]} 6. Nf3 {[%emt 0:00:07]} Nc6 {[%emt 0:00:06]} 7. Be3 {[%emt 0:00:04]} Qb6 {[%emt 0:00:03]} 8. Be2 {[%emt 0:03:38]} cxd4 {[%emt 0:35:44]} 9. Nxd4 {[%emt 0:00:15]} Qxb2 {[%emt 0:02:20]} 10. Ndb5 {[%emt 0:23:06]} Nb4 {[%emt 0:20:17]} 11. Kd2 {[%emt 0:03:12]} Kd8 {[%emt 0:09:24]} 12. Rb1 {[%emt 0:02:29]} Qxc2+ {[%emt 0:00:37]} 13. Qxc2 {[%emt 0:00:06]} Nxc2 {[%emt 0:00:04]} 14. Kxc2 {[%emt 0:00:08]} a6 {[%emt 0:02:57]} 15. Nd4 {[%emt 0:00:10]} Bc5 {[%emt 0:04:07]} 16. Kd2 {[%emt 0:01:37]} Ba7 {[%emt 0:01:34]} 17. Nb3 {[%emt 0:02:36]} b6 {[%emt 0:02:16]} 18. Rhc1 {[%emt 0:02:32]} Bb7 {[%emt 0:06:23]} 19. Na4 {[%emt 0:05:14]} Rc8 {[%emt 0:02:52]} 20. Na5 {[%emt 0:02:49]} Rxc1 {[%emt 0:00:35]} 21. Rxc1 {[%emt 0:00:29]} Ba8 {[%emt 0:01:53]} 22. Bxa6 {[%emt 0:01:50]} 1-0

[Event "91st GER-ch 2020"]
[Site "Magdeburg"]
[Date "2020.08.20"]
[Round "7.13"]
[White "Florstedt, Johannes"]
[Black "Schulte, Felix"]
[Result "1-0"]
[WhiteElo "2350"]
[BlackElo "2174"]
[Annotator "ChessBase"]
[PlyCount "69"]
[EventDate "2020.08.16"]
[EventType "swiss"]
[EventCountry "GER"]
[SourceTitle "playchess.com"]
[Source "ChessBase"]
[SourceQuality "1"]
[TimeControl "40/5400+30:1800+30"]

1. e4 {[%emt 0:00:00]} c5 {[%emt 0:00:00]} 2. Nc3 {[%emt 0:00:17]} e6 {[%emt 0:00:06]} 3. Nge2 {[%emt 0:00:11]} a6 {[%emt 0:00:39]} 4. g3 {[%emt 0:00:12]} b5 {[%emt 0:00:42]} 5. Bg2 {[%emt 0:00:13]} Bb7 {[%emt 0:00:08]} 6. d4 {[%emt 0:00:15]} cxd4 {[%emt 0:02:50]} 7. Nxd4 {[%emt 0:00:08]} Nf6 {[%emt 0:01:41]} 8. a3 {[%emt 0:00:08]} Qc7 {[%emt 0:00:57]} 9. O-O {[%emt 0:00:09]} d6 {[%emt 0:00:30]} 10. Re1 {[%emt 0:00:07]} Nbd7 {[%emt 0:00:35]} 11. a4 {[%emt 0:02:06]} b4 {[%emt 0:02:05]} 12. Na2 {[%emt 0:00:09]} a5 {[%emt 0:00:07]} 13. c3 {[%emt 0:02:03]} bxc3 {[%emt 0:00:39]} 14. Nxc3 {[%emt 0:00:26]} Be7 {[%emt 0:00:19]} 15. Bf4 {[%emt 0:01:17]} e5 {[%emt 0:05:36]} 16. Ncb5 {[%emt 0:00:13]} Qb6 {[%emt 0:07:39]} 17. Nf5 {[%emt 0:00:13]} exf4 {[%emt 0:01:28]} 18. Nfxd6+ {[%emt 0:00:28]} Kf8 {[%emt 0:04:44]} 19. Nxb7 {[%emt 0:00:08]} fxg3 {[%emt 0:04:27]} 20. hxg3 {[%emt 0:00:10]} Ne5 {[%emt 0:00:29]} 21. Qd4 {[%emt 0:06:37]} Qxd4 {[%emt 0:02:07]} 22. Nxd4 {[%emt 0:00:05]} Ra7 {[%emt 0:00:22]} 23. f4 {[%emt 0:09:30]} Rxb7 {[%emt 0:01:35]} 24. fxe5 {[%emt 0:00:13]} Bc5 {[%emt 0:00:36]} 25. exf6 {[%emt 0:04:53]} Bxd4+ {[%emt 0:00:08]} 26. Kh2 {[%emt 0:00:27]} gxf6 {[%emt 0:00:43]} 27. e5 {[%emt 0:02:00]} Rxb2 {[%emt 0:00:29]} 28. exf6 {[%emt 0:00:26]} Bxf6 {[%emt 0:00:14]} 29. Rab1 {[%emt 0:03:23]} Ra2 {[%emt 0:02:10]} 30. Re4 {[%emt 0:04:16]} h5 {[%emt 0:05:05]} 31. Rb5 {[%emt 0:01:37]} Bc3 {[%emt 0:07:03]} 32. Kh3 {[%emt 0:00:09]} Kg7 {[%emt 0:02:18]} 33. Rf4 {[%emt 0:00:14]} Rh6 {[%emt 0:01:43]} 34. Bd5 {[%emt 0:02:24]} Rf6 {[%emt 0:03:25]} 35. Bxa2 {[%emt 0:00:11]} 1-0

[Event "91st GER-ch 2020"]
[Site "Magdeburg"]
[Date "2020.08.20"]
[Round "7.14"]
[White "Weber, Max"]
[Black "Schulz, Lukas"]
[Result "1/2-1/2"]
[WhiteElo "2243"]
[BlackElo "2293"]
[Annotator "ChessBase"]
[PlyCount "76"]
[EventDate "2020.08.16"]
[EventType "swiss"]
[EventCountry "GER"]
[SourceTitle "playchess.com"]
[Source "ChessBase"]
[SourceQuality "1"]
[TimeControl "40/5400+30:1800+30"]

1. Nf3 {[%emt 0:00:00]} Nf6 {[%emt 0:00:00]} 2. c4 {[%emt 0:00:00]} g6 {[%emt 0:00:00]} 3. Nc3 {[%emt 0:00:00]} Bg7 {[%emt 0:00:04]} 4. e4 {[%emt 0:00:16]} d6 {[%emt 0:00:06]} 5. d4 {[%emt 0:00:12]} O-O {[%emt 0:00:10]} 6. Be2 {[%emt 0:01:09]} e5 {[%emt 0:01:15]} 7. O-O {[%emt 0:00:53]} Nc6 {[%emt 0:01:41]} 8. dxe5 {[%emt 0:02:22]} dxe5 {[%emt 0:01:33]} 9. Bg5 {[%emt 0:00:36]} Be6 {[%emt 0:09:33]} 10. Qxd8 {[%emt 0:09:38]} Nxd8 {[%emt 0:02:48]} 11. Bxf6 {[%emt 0:01:43]} Bxf6 {[%emt 0:00:08]} 12. Nd5 {[%emt 0:00:16]} Bxd5 {[%emt 0:02:18]} 13. cxd5 {[%emt 0:00:24]} c6 {[%emt 0:03:13]} 14. Rfd1 {[%emt 0:11:51]} cxd5 {[%emt 0:04:02]} 15. exd5 {[%emt 0:03:17]} Rc8 {[%emt 0:10:50]} 16. Rac1 {[%emt 0:15:59]} Rxc1 {[%emt 0:03:16]} 17. Rxc1 {[%emt 0:00:02]} e4 {[%emt 0:00:06]} 18. Nd2 {[%emt 0:01:34]} Bxb2 {[%emt 0:00:26]} 19. Rb1 {[%emt 0:01:36]} Be5 {[%emt 0:09:03]} 20. Nxe4 {[%emt 0:01:50]} b6 {[%emt 0:00:18]} 21. Ba6 {[%emt 0:04:55]} f5 {[%emt 0:03:07]} 22. Ng5 {[%emt 0:02:59]} Re8 {[%emt 0:08:58]} 23. Kf1 {[%emt 0:02:57]} Bd6 {[%emt 0:02:17]} 24. h3 {[%emt 0:06:11]} Kg7 {[%emt 0:03:46]} 25. Re1 {[%emt 0:07:06]} Rxe1+ {[%emt 0:01:02]} 26. Kxe1 {[%emt 0:00:02]} Bc5 {[%emt 0:02:48]} 27. Ke2 {[%emt 0:03:34]} h6 {[%emt 0:01:04]} 28. Ne6+ {[%emt 0:01:17]} Nxe6 {[%emt 0:00:16]} 29. dxe6 {[%emt 0:00:06]} Kf6 {[%emt 0:00:07]} 30. Bc4 {[%emt 0:00:37]} Ke5 {[%emt 0:03:09]} 31. Kd3 {[%emt 0:01:31]} Ba3 {[%emt 0:03:51]} 32. Ke3 {[%emt 0:04:04]} Kd6 {[%emt 0:06:17]} 33. f3 {[%emt 0:08:24]} Kc6 {[%emt 0:07:57]} 34. g4 {[%emt 0:01:39]} Bc5+ {[%emt 0:03:54]} 35. Kf4 {[%emt 0:01:30]} Bd6+ {[%emt 0:00:06]} 36. Ke3 {[%emt 0:00:11]} Bc5+ {[%emt 0:00:07]} 37. Kf4 {[%emt 0:00:06]} Bd6+ {[%emt 0:00:05]} 38. Ke3 {[%emt 0:00:12]} Bc5+ 1/2-1/2

[Event "91st GER-ch 2020"]
[Site "Magdeburg"]
[Date "2020.08.20"]
[Round "7.15"]
[White "Koellner, Ruben Gideon"]
[Black "Michalowski, Peter"]
[Result "1-0"]
[WhiteElo "2376"]
[BlackElo "2106"]
[Annotator "TA"]
[PlyCount "101"]
[EventDate "2020.08.16"]
[EventType "swiss"]
[EventCountry "GER"]
[SourceTitle "playchess.com"]
[Source "ChessBase"]
[SourceQuality "1"]

{[%evp 20,101,12,1,10,-4,0,-11,0,-14,0,0,0,0,-7,-15,-24,-22,0,-32,-8,-16,0,0,33,3,0,-4,12,9,12,12,13,25,25,-19,62,66,83,73,85,0,0,4,58,58,76,72,78,79,120,114,91,108,149,138,168,168,164,165,170,163,172,167,291,316,300,309,306,223,348,253,655,620,698,684,1233,1250,1072,1018,4802,4802,4802,4794]} 1. d4 e6 2. Nf3 Nf6 3. Nbd2 c5 4. e3 cxd4 5. exd4 Be7 6. Bd3 b6 7. O-O Bb7 8. Re1 O-O 9. b3 d6 10. Bb2 Nbd7 11. c4 Re8 {E14: Queen's Indian: Classical Variation (4 e3).} 12. Nf1 Bf8 13. Ng3 Rc8 {The position is equal.} 14. Rc1 Qc7 15. Ng5 {[#]} Qd8 $146 ({Predecessor:} 15... h6 16. N5e4 Qd8 17. Nxf6+ {½-½ (17) Horvath,C (2545)-Palkovi,J (2415) Zalakaros 2005}) 16. f4 (16. Nf3 {with more complications.}) 16... g6 17. Bb1 Bg7 18. Qd3 Nf8 19. Rc2 (19. h3 {seems wilder.} N8d7 20. Qe2 Nb8 21. Bd3 Nc6 22. Qe3) 19... h6 20. Nf3 Bxf3 21. Qxf3 d5 (21... b5 $5) 22. c5 Ne4 23. b4 bxc5 24. dxc5 {next Bxg7 is good for White.} Bxb2 25. Rxb2 Qf6 26. Ree2 Nc3 27. Red2 (27. Rec2 {looks sharper.} Qd4+ 28. Kf1 Ne4 29. Nxe4 dxe4 30. Qc3) 27... Nxb1 (27... a5 $1 $11) 28. Rxb1 $14 Re7 29. Ne2 Nd7 30. Qc3 (30. Nd4 $16) 30... Qxc3 $11 31. Nxc3 a6 (31... Nb6 $1 $11) 32. Ne2 Nb8 33. Rc2 {White leaves nothing to chance now.} Rec7 34. Nd4 Nc6 35. Nxc6 Rxc6 $16 {[%mdl 4096] Endgame KRR-KRR} 36. Kf2 f6 37. Ke3 e5 38. fxe5 fxe5 39. Rd2 Rd8 40. Rbd1 d4+ 41. Ke4 a5 (41... Kf7 {was worth a try.} 42. Kxe5 Re6+ 43. Kf4 g5+ 44. Kf5 Rd5+ 45. Kg4 a5) 42. a3 $18 {[%cal Ba2a3,Ba3b4,Bb4b5,Bb5b6,Bb6b7][%mdl 32]} (42. Kxe5 axb4 43. Rc1 (43. Rxd4 Rxc5+ 44. Ke6 Rc6+ 45. Rd6 Rdxd6+ 46. Rxd6 Rc2 $11) 43... d3 $11) 42... axb4 43. axb4 Rb8 44. Kd5 ({Don't do} 44. Kxe5 $6 Rxb4 45. Rc2 (45. Rxd4 Rxc5+ 46. Rd5 Rxd5+ 47. Rxd5 Rb2 $11) 45... Kf7 $18) 44... Rcc8 (44... Ra6 {was necessary.} 45. Kxe5 Rxb4 46. Rxd4 Rxd4 47. Rxd4 Kf7 48. Rd7+ Ke8) 45. Rb2 ({Weaker is} 45. Kxe5 Rxb4 46. Rc1 (46. Rxd4 Rxc5+ 47. Rd5 Rxd5+ 48. Rxd5 Rb2 $11) 46... Kf7 $16) 45... Re8 $2 {[#]} (45... Rd8+ 46. Kxe5 d3) 46. c6 {White is clearly winning.} e4 {Now ...e3 and Black clings on.} 47. b5 e3 48. c7 Rbc8 49. b6 e2 {[#]} 50. Rxe2 $3 {[%mdl 576] Promotion} Rxe2 51. b7 {Accuracy: White = 85%, Black = 53%.} 1-0